| 000 | 01460nam a2200385 c 4500 | ||
|---|---|---|---|
| 001 | 198157 | ||
| 003 | SpMaBN | ||
| 005 | 20260528174013.0 | ||
| 008 | 260309s2022 sp a | |||| 000 0bspa | ||
| 015 | _aMON22 | ||
| 017 |
_aTO 152-2022 _bOficina Depósito Legal Toledo |
||
| 020 | _a9788418409691 | ||
| 035 | _a(SpMaBN)a7157205 | ||
| 040 |
_aSpMaBN _bspa _cSpMaBN _erda |
||
| 080 | _a929 Alberto | ||
| 080 | _a73 Alberto | ||
| 100 | 1 |
_aCerro del Valle, Ángel del _4aut _9242909 |
|
| 245 | 1 | 0 |
_aVida y obra del escultor Alberto Sánchez _cÁngel del Cerro del Valle |
| 264 | 1 |
_aLas Ventas con Peña Aguilera (Toledo) _bEditorial Ledesma, JMR, _c[2022] |
|
| 300 |
_a208 páginas _bilustraciones (blanco y negro y color) _c21 cm |
||
| 336 |
_aTexto _aImagen fija _2rdacontent |
||
| 337 |
_asin mediación _2rdamedia |
||
| 338 |
_avolumen _2rdacarrier |
||
| 500 | _aRegistro provisional. A-16092 Depósito 1 | ||
| 504 | _aBibliografía: páginas 181-185 | ||
| 600 | 0 | 7 |
_aAlberto _d1895-1962 _9242910 |
| 655 | 7 |
_aBiografías _9176647 |
|
| 852 |
_aES-MaACL _cDEPO1 _jA-16092 _gDedicatoria autógrafa del autor _hDonación: Ángel del Cerro _xEncuadernación rustica con solapas _zEn proceso |
||
| 901 | _a"ISBN" | ||
| 942 |
_2udc _cMONOGRAFIA _n0 |
||
| 956 | _a2 | ||
| 999 |
_c198157 _d198157 |
||